000 00679nam a2200229 a 4500
999 _c3825
_d3825
003 PK-NaQUE
005 20250325122457.0
008 241125b ||||| |||| 00| 0 eng d
020 _a0805324992(hardcover)
020 _a9780805324990 (hardcover)
040 _cQUEST
082 _a005.12HOF
100 1 _aHoffer, Jeffrey A.
245 1 0 _aModern Systems Analysis and Design
260 _aMenlo Park CA
_bBenjamin-Cummings Pub Co,
_c1996.
300 _aXXXII,896 p. ;
650 _aSystem analysis
_aSystem design
700 1 _aGeorge, Joey F.
700 1 _aValacich, Joseph S.
856 4 0 _uhttp://10.10.170.122:8080/browse/book/1783
_yDownload eBook
942 _cBK
_2ddc